Massachusetts digest annotated vol. 16: (Record no. 4828)
[ view plain ]
| 000 -LEADER | |
|---|---|
| fixed length control field | 00448nam a22001217a 4500 |
| 008 - FIXED-LENGTH DATA ELEMENTS--GENERAL INFORMATION | |
| fixed length control field | 140915b xxu||||| |||| 00| 0 eng d |
| 050 ## - LIBRARY OF CONGRESS CALL NUMBER | |
| Classification number | KM245.W47G(vol.16) |
| 245 ## - TITLE STATEMENT | |
| Title | Massachusetts digest annotated vol. 16: |
| Remainder of title | Paupers- Principal and agent covering cases from state and federal courts./ |
| 260 ## - PUBLICATION, DISTRIBUTION, ETC. | |
| Place of publication, distribution, etc. | Minnesota, |
| Name of publisher, distributor, etc. | West Publishing Company : |
| Date of publication, distribution, etc. | 1961. |
| 300 ## - PHYSICAL DESCRIPTION | |
| Extent | xviii+various pagings. |
| Dimensions | 26cm. |
| 440 ## - SERIES STATEMENT/ADDED ENTRY--TITLE | |
| Volume/sequential designation | 19 |
| Title | Principla and agent. |
| 942 ## - ADDED ENTRY ELEMENTS (KOHA) | |
| Source of classification or shelving scheme | Library of Congress Classification |
| Koha item type | Books |
| Withdrawn status | Lost status | Source of classification or shelving scheme | Damaged status | Not for loan | Home library | Current library | Shelving location | Date acquired | Total Checkouts | Full call number | Barcode | Date last seen | Copy number | Price effective from | Koha item type |
|---|---|---|---|---|---|---|---|---|---|---|---|---|---|---|---|
| Library of Congress Classification | WISCONSIN INTERNATIONAL UNIVERSITY COLLEGE, GHANA - MAIN LIBRARY | WISCONSIN INTERNATIONAL UNIVERSITY COLLEGE, GHANA - MAIN LIBRARY | Law Library | 15/09/2014 | KM245.W47G(vol.16) | 583/13 | 15/09/2014 | 1 | 15/09/2014 | Books |
